Algebre et analyse

Αποθηκεύτηκε σε:
Λεπτομέρειες βιβλιογραφικής εγγραφής
Κύριοι συγγραφείς: Bellaiche, M. (Moise), Biasi, J. de (Jean), 1936-2004 (Συγγραφέας)
Μορφή: Βιβλίο
Γλώσσα:French
Δημοσίευση: Paris : Dunod, 1967
Σειρά:Enseignement de la mathematique
Θέματα:
Ετικέτες: Προσθήκη ετικέτας
Δεν υπάρχουν, Καταχωρήστε ετικέτα πρώτοι!

MARC

LEADER 00000cam a2200000 a 4500
001 1/107493
008 150716s1967####fr | ||| |||| ||fre||
040 |a GR-MyUa  |b gre  |c GR-MyUa  |e AACR2 
041 0 |a fre 
082 7 |a 512.9   |2 (23) 
100 1 |a Bellaiche, M.   |q (Moise) 
245 1 0 |a Algebre et analyse /   |c M. Bellaiche, J. De Biasi. 
260 |a Paris :   |b Dunod,   |c 1967 
300 |a xvi, 363 σ. :   |b διαγρ., σχέδια ;   |c 25 εκ.  
490 1 |a Enseignement de la mathematique 
500 |a Premieres C et T 
650 0 |a Algebra. 
650 0 |a Calculus. 
700 1 |a Biasi, J. de   |q (Jean),   |d 1936-2004,  |e aut 
830 0 |a Enseignement de la mathematique 
852 |a INST  |b SAMOS  |c MAG  |e 20150716  |h 512.9 BEL  |p 005300035683  |q 005300035683  |t BK  |y 0 
970 |a Σιτζίμη  |b Γιασεμή  |z 16/07/2015